000 00571nam a2200181Ia 4500
003 IN-BaIIA
008 211028s9999 xx 000 0 eng d
040 _cIIA Library
080 _a081:53
_bCHA
245 0 _aCollected works of meghnad saha
_cedited by Santimay Chatterjee
260 _aBombay
_bOrient Longman
_c1982
300 _axiii, 591p.
650 _aCollected works-Meghnad Saha
_913487
650 _aMeghnad Saha collected works
_96646
650 _aNASA Thesaurus
700 _aChatterjee, Santimay ed.
_96647
942 _cBK
999 _c7995
_d7995